000 01562nam0a2200385 4500
001 RU\NLR\BIBL_A\021982585
005 20230822160947.0
010 _a978-5-09-105989-2
_9300
021 _aRU
_bКН-П-24-022435
_9КН-П-24-2332
021 _aRU
_bКН-П-23-036083
_9КН-П-23-3578
035 _a(NLR Aleph) 021982585
035 _a(RuMoRGB)011829880
090 _a12403093
_c12403093
100 _a20230718d2023 u y0rusy50 ca
101 0 _arus
102 _aRU
105 _aa j 000zy
181 0 _ai3
_baxxe
182 1 _an
200 1 _aРусский язык
_e1 класс
_eучебное пособие
_fМ. С. Соловейчик, Н. С. Кузьменко
203 _aТекст
_bвизуальный
_cнепосредственный
210 _aМосква
_cПросвещение
_d2023
215 _a159 с.
_cил., цв. ил., табл.
_d22
225 1 _aОбразовательная система Гармония
225 1 _aФГОС
320 _aБиблиогр.: с. 159
333 _a6+
606 1 _aРусский язык
_jУчебники для начальной школы
_2nlr_sh2
_3RU\NLR\AUTH\66969347
686 3 _aШ141.12-922.1[1]
700 1 _aСоловейчик
_bМ. С.
_gМарина Сергеевна
_3RU\NLR\AUTH\7722168
701 1 _aКузьменко
_bН. С.
_gНадежда Сергеевна
_3RU\NLR\AUTH\7753932
942 _cBOOK
980 _aNB